|
|
|
|
| LEADER |
00000nam0a2200000 4500 |
| 001 |
75594 |
| 005 |
20250225063226.0 |
| 035 |
|
|
|a (RuTPU)RU\TPU\book\80626
|
| 090 |
|
|
|a 75594
|
| 100 |
|
|
|a 20050329d2004 m y0rusy50 ca
|
| 101 |
0 |
|
|a rus
|
| 102 |
|
|
|a RU
|
| 105 |
|
|
|a a j 001zy
|
| 200 |
1 |
|
|a Методы математической физики. Асимптотические методы
|e учебное пособие
|f В. Г. Багров, В. В. Белов, А. Ю. Трифонов
|g ТПУ; ТГУ; МГИЭиМ (технический университет)
|
| 210 |
|
|
|a Томск
|c Изд-во ТПУ
|d 2004
|
| 215 |
|
|
|a 166 с.
|c ил.
|
| 320 |
|
|
|a Библиогр.: с. 163-164.
|
| 610 |
1 |
|
|a физика
|
| 610 |
1 |
|
|a математическая физика
|
| 610 |
1 |
|
|a уравнения Шредингера
|
| 610 |
1 |
|
|a асимптотические методы
|
| 610 |
1 |
|
|a задача Коши
|
| 610 |
1 |
|
|a уравнения Гамильтона-Эренфеста
|
| 610 |
1 |
|
|a гамильтоновые системы
|
| 610 |
1 |
|
|a квазиклассическое приближение
|
| 610 |
1 |
|
|a фаза Берри
|
| 610 |
1 |
|
|a учебные пособия
|
| 675 |
|
|
|a 53:51(075.8)
|v 3
|
| 700 |
|
1 |
|a Багров
|b В. Г.
|c физик
|c профессор Томского государственного университета
|f 1938-
|g Владислав Гаврилович
|2 stltpush
|3 (RuTPU)RU\TPU\pers\19767
|
| 701 |
|
1 |
|a Белов
|b В. В.
|g Владимир Владимирович
|
| 701 |
|
1 |
|a Трифонов
|b А. Ю.
|c физик, математик
|c профессор Томского политехнического университета, доктор физико-математических наук
|f 1963-
|g Андрей Юрьевич
|2 stltpush
|3 (RuTPU)RU\TPU\pers\22013
|
| 712 |
0 |
2 |
|a Томский политехнический университет
|2 stltpush
|3 (RuTPU)RU\TPU\col\376
|
| 712 |
0 |
2 |
|a Томский государственный университет
|c 1917-2009
|7 ca
|8 rus
|2 stltpush
|3 (RuTPU)RU\TPU\col\397
|9 23396
|
| 712 |
0 |
2 |
|a Московский государственный институт электроники и математики (технический университет)
|2 stltpush
|3 (RuTPU)RU\TPU\col\6461
|
| 801 |
|
1 |
|a RU
|b 63413507
|c 20050329
|g PSBO
|
| 801 |
|
2 |
|a RU
|b 63413507
|c 20170405
|g PSBO
|
| 900 |
|
|
|a Прикладная математика
|
| 942 |
|
|
|c BK
|
| 954 |
|
|
|a 510200
|b 010200
|